000 00247nam a2200097Ia 4500
001 714006
005 20250826162856.0
008 250824s9999 xx 000 0 und d
245 0 _aHEKİMOĞLU EFSANESİ
_cBAHA RAHMİ ÖZEN
260 _bHAYAT YAYINLARI
999 _c714006
_d714006